00326nam a2200121Ia 4500008004100000041001200041100001600053245007300069250000800142260002800150300000900178650001700187221220s9999 xx 000 0 und d aEnglish aD. J. Baker 0aGlanville Williams - Textbook of Criminal Law 4th Edcby D. J. Baker a4th bS. M. Pub.aIndiac2017 a1559 aCriminal Law